[Event "CYCC U14"]
[Site "Vancouver CAN"]
[Date "2012.07.04"]
[Round "3"]
[White "Boucher, Maxime"]
[Black "Kuehfuss, Noah"]
[Result "0-1"]
[WhiteElo "1166"]
[BlackElo "1033"]
[PlyCount "126"]
[GameId "2160767909508866"]
[EventDate "2012.07.03"]
[EventType "swiss"]
[EventRounds "7"]
[EventCountry "CAN"]
[SourceTitle "EXT 2022"]
[Source "ChessBase"]
[SourceDate "2021.10.06"]
[SourceVersion "1"]
[SourceVersionDate "2021.10.06"]
[SourceQuality "1"]

1. e4 e5 2. Nf3 Nc6 3. g3 Bc5 4. Bg2 Nf6 5. d3 h6 6. O-O d6 7. h3 Be6 8. Nc3 O-O 9. a3 d5 10. b4 Bb6 11. Qe1 a5 12. bxa5 Bxa5 13. Bd2 Nd4 14. Rc1 Bxc3 15. Bxc3 Rxa3 16. Bb4 Ra2 17. Bxf8 Qxf8 18. Qc3 Ne2+ 19. Kh1 Nxc3 20. Nxe5 dxe4 21. dxe4 Nfxe4 22. Rce1 Nd2 23. Rg1 b5 24. Ng6 Qc5 25. Bb7 Bxh3 26. Re8+ Kh7 27. Nf8+ Kh8 28. Ne6+ Kh7 29. Nxc5 Rxc2 30. Ne4 b4 31. Nxc3 Rxc3 32. Rd8 Nc4 33. Rdd1 b3 34. Be4+ f5 35. Bd5 Na3 36. Ra1 b2 37. Rxa3 Rxa3 38. Rb1 Rd3 39. Bc4 Rd4 40. Bb3 Rd2 41. f3 Bg2+ 42. Kg1 Bxf3 43. Kf1 Be4 44. Ke1 Rh2 45. Rd1 b1=Q 46. Rxb1 Bxb1 47. Bf7 g5 48. g4 fxg4 49. Be6 g3 50. Kf1 Rb2 51. Kg1 h5 52. Bg4 Kh6 53. Bxh5 c5 54. Bf7 Bd3 55. Bd5 Kh5 56. Bf7+ Kh4 57. Be6 g4 58. Bxg4 c4 59. Bf5 Be2 60. Kh1 Bf3+ 61. Kg1 Ra2 62. Kf1 Ra1+ 63. Bb1 Rxb1# 0-1

[Event "CYCC U14"]
[Site "Vancouver CAN"]
[Date "2012.07.04"]
[Round "3"]
[White "Cui, Karl"]
[Black "Kuttner, Simon"]
[Result "1-0"]
[WhiteElo "1307"]
[BlackElo "1777"]
[PlyCount "113"]
[GameId "2160767909508867"]
[EventDate "2012.07.03"]
[EventType "swiss"]
[EventRounds "7"]
[EventCountry "CAN"]
[SourceTitle "EXT 2022"]
[Source "ChessBase"]
[SourceDate "2021.10.06"]
[SourceVersion "1"]
[SourceVersionDate "2021.10.06"]
[SourceQuality "1"]

1. d4 d5 2. c4 e6 3. Nc3 Be7 4. cxd5 exd5 5. Nf3 c6 6. Bf4 Nf6 7. e3 Bf5 8. Be2 Nbd7 9. O-O O-O 10. Re1 Re8 11. a3 h6 12. h3 Nf8 13. Ne5 Ng6 14. Bh2 Nxe5 15. Bxe5 Bd6 16. Bxd6 Qxd6 17. Bd3 Bxd3 18. Qxd3 Ne4 19. Rac1 Qf6 20. Nxe4 Rxe4 21. b4 a6 22. a4 Qd6 23. b5 axb5 24. axb5 Ree8 25. bxc6 bxc6 26. Rc2 Ra3 27. Qd2 Rc8 28. Rb1 Ra6 29. Qe2 Rca8 30. g3 Ra1 31. Rcc1 R8a2 32. Qf3 Qa3 33. Rb8+ Qf8 34. Rxf8+ Kxf8 35. Rxa1 Rxa1+ 36. Kg2 Ra8 37. Qg4 Rd8 38. Qd1 Ke7 39. g4 Rc8 40. Qb3 Kd6 41. Qb4+ Kd7 42. Qb7+ Rc7 43. Qb1 f6 44. h4 Ke7 45. Qf5 Kf7 46. g5 hxg5 47. hxg5 Ke7 48. gxf6+ gxf6 49. Qg6 Rd7 50. Kf3 Ke6 51. Kf4 Rd8 52. Qg4+ Ke7 53. Kf5 Rf8 54. Qg7+ Rf7 55. Qh8 Rf8 56. Qxf8+ Kxf8 57. Kxf6 1-0

[Event "CYCC U14"]
[Site "Vancouver CAN"]
[Date "2012.07.04"]
[Round "3"]
[White "Hewson, Scott"]
[Black "Huneault, Nicholas"]
[Result "0-1"]
[WhiteElo "825"]
[BlackElo "1164"]
[PlyCount "62"]
[GameId "2160767909508868"]
[EventDate "2012.07.03"]
[EventType "swiss"]
[EventRounds "7"]
[EventCountry "CAN"]
[SourceTitle "EXT 2022"]
[Source "ChessBase"]
[SourceDate "2021.10.06"]
[SourceVersion "1"]
[SourceVersionDate "2021.10.06"]
[SourceQuality "1"]

1. e3 d5 2. d3 Bf5 3. e4 dxe4 4. Nc3 Nf6 5. f3 exd3 6. cxd3 e6 7. Nb5 c6 8. Nc3 Bb4 9. f4 Qd4 10. Nge2 Bxc3+ 11. bxc3 Qb6 12. d4 Nbd7 13. c4 Qb4+ 14. Bd2 Qxc4 15. h4 Bc2 16. Qc1 O-O-O 17. Ba5 Nb6 18. Nc3 Bd3 19. Bxb6 axb6 20. d5 Nxd5 21. Kd2 Nxc3 22. Qxc3 Bxf1+ 23. Kc2 Bd3+ 24. Kd2 Bb1+ 25. Ke3 Qxc3+ 26. Ke2 Qxa1 27. Rh3 Qb2+ 28. Kf3 Rd3+ 29. Kg4 Rxh3 30. gxh3 Qg2+ 31. Kh5 Qg6# 0-1

[Event "CYCC U14"]
[Site "Vancouver CAN"]
[Date "2012.07.04"]
[Round "3"]
[White "Jensen, Jacob"]
[Black "Hewson, Andrew"]
[Result "1-0"]
[WhiteElo "1639"]
[BlackElo "870"]
[PlyCount "29"]
[GameId "2160767909508869"]
[EventDate "2012.07.03"]
[EventType "swiss"]
[EventRounds "7"]
[EventCountry "CAN"]
[SourceTitle "EXT 2022"]
[Source "ChessBase"]
[SourceDate "2021.10.06"]
[SourceVersion "1"]
[SourceVersionDate "2021.10.06"]
[SourceQuality "1"]

1. e4 e6 2. d4 c5 3. c3 Qh4 4. Bd3 c4 5. Bc2 b5 6. Nf3 Qg4 7. O-O d5 8. h3 Qg6 9. e5 f5 10. exf6 Qxf6 11. Bg5 Qf7 12. Ne5 Qc7 13. Qh5+ g6 14. Bxg6+ Qf7 15. Bxf7# 1-0

[Event "CYCC U14"]
[Site "Vancouver CAN"]
[Date "2012.07.04"]
[Round "3"]
[White "Kong, Dezheng"]
[Black "Herdin, Matthew"]
[Result "1-0"]
[WhiteElo "2068"]
[BlackElo "1923"]
[PlyCount "65"]
[GameId "2160767909508870"]
[EventDate "2012.07.03"]
[EventType "swiss"]
[EventRounds "7"]
[EventCountry "CAN"]
[SourceTitle "EXT 2022"]
[Source "ChessBase"]
[SourceDate "2021.10.06"]
[SourceVersion "1"]
[SourceVersionDate "2021.10.06"]
[SourceQuality "1"]

1. d4 Nf6 2. Nf3 g6 3. c4 Bg7 4. g3 d6 5. Bg2 O-O 6. O-O Nbd7 7. Nc3 c5 8. d5 a6 9. Qc2 b5 10. Nd2 Nb6 11. b3 b4 12. Nd1 Rb8 13. Bb2 e6 14. dxe6 Bxe6 15. e4 Qd7 16. Ne3 Bh3 17. Rad1 Bxg2 18. Kxg2 Qc6 19. f3 Rbd8 20. Rf2 Rfe8 21. Ndf1 Nfd7 22. Bxg7 Kxg7 23. Qb2+ f6 24. g4 Nf8 25. Ng3 Qd7 26. Rfd2 Qe6 27. Rxd6 Rxd6 28. Rxd6 Qxd6 29. Ngf5+ gxf5 30. Nxf5+ Kg8 31. Nxd6 Rd8 32. Nb7 Rd3 33. Nxc5 1-0

[Event "CYCC U14"]
[Site "Vancouver CAN"]
[Date "2012.07.04"]
[Round "3"]
[White "Li, Yinshi"]
[Black "Doknjas, John"]
[Result "1/2-1/2"]
[WhiteElo "1857"]
[BlackElo "1990"]
[PlyCount "43"]
[GameId "2160767909508871"]
[EventDate "2012.07.03"]
[EventType "swiss"]
[EventRounds "7"]
[EventCountry "CAN"]
[SourceTitle "EXT 2022"]
[Source "ChessBase"]
[SourceDate "2021.10.06"]
[SourceVersion "1"]
[SourceVersionDate "2021.10.06"]
[SourceQuality "1"]

1. d4 Nf6 2. c4 c5 3. Nf3 cxd4 4. Nxd4 e5 5. Nb5 d5 6. cxd5 Qa5+ 7. N5c3 b5 8. a3 b4 9. Qa4+ Qxa4 10. Nxa4 Nxd5 11. e3 Bd7 12. b3 Nc6 13. Bc4 Nf6 14. O-O Na5 15. axb4 Bxb4 16. Bd2 Rb8 17. Bxb4 Rxb4 18. Nc5 Nxc4 19. bxc4 Rxc4 20. Nxd7 Kxd7 21. Rxa7+ Ke6 22. Na3 1/2-1/2

[Event "CYCC U14"]
[Site "Vancouver CAN"]
[Date "2012.07.04"]
[Round "3"]
[White "Plotkin, Mark"]
[Black "Wang, Richard"]
[Result "1/2-1/2"]
[WhiteElo "1976"]
[BlackElo "2427"]
[PlyCount "107"]
[GameId "2160767909508872"]
[EventDate "2012.07.03"]
[EventType "swiss"]
[EventRounds "7"]
[EventCountry "CAN"]
[SourceTitle "EXT 2022"]
[Source "ChessBase"]
[SourceDate "2021.10.06"]
[SourceVersion "1"]
[SourceVersionDate "2021.10.06"]
[SourceQuality "1"]

1. e4 c5 2. Nf3 d6 3. d4 cxd4 4. Nxd4 Nf6 5. Nc3 g6 6. Be3 Bg7 7. f3 Nc6 8. Qd2 O-O 9. O-O-O Bd7 10. g4 Rc8 11. h4 Ne5 12. h5 Qa5 13. Kb1 Nxf3 14. Nxf3 Rxc3 15. Qxc3 Qxc3 16. bxc3 Bxg4 17. Bg2 Nxe4 18. Rde1 Nxc3+ 19. Kc1 Nxa2+ 20. Kb1 Nc3+ 21. Kc1 Bxh5 22. Bxa7 Ra8 23. Bf2 e6 24. Nd4 Bxd4 25. Bxd4 Ne2+ 26. Rxe2 Bxe2 27. Bxb7 Rb8 28. Bg2 e5 29. Kd2 Bc4 30. Be3 f5 31. Bg5 Kg7 32. Ra1 Bf7 33. Ra7 e4 34. Rd7 d5 35. Bf4 Re8 36. Ke3 h6 37. Kd4 g5 38. Be5+ Kg6 39. Rd6+ Be6 40. Bf1 Re7 41. Bb5 f4 42. c4 dxc4 43. Bxc4 Kf5 44. Bxe6+ Rxe6 45. Rxe6 Kxe6 46. Kxe4 f3 47. Bg3 h5 48. Kxf3 Kf5 49. Bh4 gxh4 50. Kg2 Kg4 51. Kh2 h3 52. Kh1 Kg3 53. Kg1 h2+ 54. Kh1 1/2-1/2

[Event "CYCC U14"]
[Site "Vancouver CAN"]
[Date "2012.07.04"]
[Round "3"]
[White "Rahemtulla, Adam"]
[Black "Zhang, Yutong"]
[Result "1-0"]
[WhiteElo "1332"]
[BlackElo "1843"]
[PlyCount "120"]
[GameId "2160767909508873"]
[EventDate "2012.07.03"]
[EventType "swiss"]
[EventRounds "7"]
[EventCountry "CAN"]
[SourceTitle "EXT 2022"]
[Source "ChessBase"]
[SourceDate "2021.10.06"]
[SourceVersion "1"]
[SourceVersionDate "2021.10.06"]
[SourceQuality "1"]

1. e4 e5 2. Nf3 Nc6 3. Bb5 a6 4. Ba4 Nf6 5. d3 b5 6. Bb3 Be7 7. Nc3 O-O 8. Nd5 Bb7 9. Nxe7+ Qxe7 10. Bg5 Na5 11. O-O h6 12. Bh4 Nxb3 13. axb3 Rfe8 14. Re1 Qe6 15. Qd2 d6 16. Bg3 Qd7 17. Rad1 Qc6 18. Re2 Re7 19. Rde1 Rae8 20. Qc3 Nd7 21. Qxc6 Bxc6 22. Nh4 d5 23. exd5 Bxd5 24. d4 Re6 25. dxe5 f6 26. f4 fxe5 27. fxe5 Kh7 28. Nf5 g5 29. Rd2 Nxe5 30. Rxd5 Nf3+ 31. gxf3 Rxe1+ 32. Bxe1 Rxe1+ 33. Kf2 Rh1 34. Kg2 Rb1 35. Rc5 Rxb2 36. Rxc7+ Kg6 37. Nd4 Ra2 38. Rc6+ Kh7 39. Rc7+ Kg6 40. Kg3 h5 41. Kf2 Kf6 42. h3 Ke5 43. Ne2 Kf5 44. Kg3 Ke5 45. h4 Kd6 46. hxg5 Kxc7 47. g6 Rxc2 48. g7 Rxe2 49. g8=Q h4+ 50. Kxh4 Re7 51. f4 Kd7 52. Qd5+ Kc8 53. Qc6+ Kd8 54. Qxa6 Rh7+ 55. Kg3 Rg7+ 56. Kf3 Rc7 57. Qxb5 Rc3+ 58. Kg4 Rc7 59. Qb6 Kc8 60. Qxc7+ Kxc7 1-0

[Event "CYCC U14"]
[Site "Vancouver CAN"]
[Date "2012.07.04"]
[Round "3"]
[White "Rathburn, Hector"]
[Black "Raymond, Alex"]
[Result "1-0"]
[WhiteElo "1671"]
[BlackElo "921"]
[PlyCount "37"]
[GameId "2160767909508874"]
[EventDate "2012.07.03"]
[EventType "swiss"]
[EventRounds "7"]
[EventCountry "CAN"]
[SourceTitle "EXT 2022"]
[Source "ChessBase"]
[SourceDate "2021.10.06"]
[SourceVersion "1"]
[SourceVersionDate "2021.10.06"]
[SourceQuality "1"]

1. e4 e5 2. Nf3 Nc6 3. Bb5 Nf6 4. O-O Bd6 5. Re1 Nd4 6. Nxd4 c6 7. Bc4 Bc5 8. Nf3 Qb6 9. d4 exd4 10. e5 Ng4 11. Bxf7+ Kxf7 12. Ng5+ Ke8 13. Qxg4 d3 14. Ne4 Rf8 15. Nxc5 Qxc5 16. Be3 Qxc2 17. Qxg7 Qxb2 18. Bc5 Rxf2 19. Qe7# 1-0

[Event "CYCC U14"]
[Site "Vancouver CAN"]
[Date "2012.07.04"]
[Round "3"]
[White "Shi, Diwen"]
[Black "Sun, Ziyao"]
[Result "1-0"]
[WhiteElo "1803"]
[BlackElo "1251"]
[PlyCount "97"]
[GameId "2160767909508875"]
[EventDate "2012.07.03"]
[EventType "swiss"]
[EventRounds "7"]
[EventCountry "CAN"]
[SourceTitle "EXT 2022"]
[Source "ChessBase"]
[SourceDate "2021.10.06"]
[SourceVersion "1"]
[SourceVersionDate "2021.10.06"]
[SourceQuality "1"]

1. e4 e6 2. d4 d5 3. Nc3 dxe4 4. Nxe4 Nd7 5. Nf3 Be7 6. Bf4 Ngf6 7. Nxf6+ Nxf6 8. Bd3 c5 9. O-O O-O 10. Re1 a6 11. a4 Bd7 12. Qe2 Bc6 13. Red1 Bxf3 14. Qxf3 Qd5 15. dxc5 Qxf3 16. gxf3 Bxc5 17. Rd2 h6 18. Kh1 Nd5 19. Be5 f6 20. Bg3 Kf7 21. Re1 Rfe8 22. Bc4 Rad8 23. Red1 f5 24. Bxd5 exd5 25. Rxd5 Re1+ 26. Rxe1 Rxd5 27. Kg2 b6 28. c3 a5 29. Bf4 g5 30. Be3 Bxe3 31. Rxe3 Rd2 32. b4 axb4 33. cxb4 Rb2 34. b5 Ra2 35. Rc3 Rxa4 36. Rc6 Rb4 37. Rxb6 h5 38. Rb7+ Ke6 39. b6 Rb1 40. Rh7 Kf6 41. h3 Kg6 42. Rb7 h4 43. Rb8 f4 44. Kh2 Kf7 45. Kg2 Kg7 46. Kh2 Kf7 47. Kg2 Kg7 48. b7 Kf7 49. Rh8 1-0

[Event "CYCC U14"]
[Site "Vancouver CAN"]
[Date "2012.07.04"]
[Round "3"]
[White "Thanabalachandran, Kajan"]
[Black "MacIvor, Mac"]
[Result "1-0"]
[WhiteElo "1509"]
[BlackElo "870"]
[PlyCount "71"]
[GameId "2160767909508876"]
[EventDate "2012.07.03"]
[EventType "swiss"]
[EventRounds "7"]
[EventCountry "CAN"]
[SourceTitle "EXT 2022"]
[Source "ChessBase"]
[SourceDate "2021.10.06"]
[SourceVersion "1"]
[SourceVersionDate "2021.10.06"]
[SourceQuality "1"]

1. e4 e5 2. Nf3 Qf6 3. Nc3 d6 4. Nd5 Qd8 5. Bc4 Be6 6. d4 f6 7. Nxc7+ Qxc7 8. Bxe6 Nh6 9. O-O Nc6 10. dxe5 dxe5 11. c3 Rd8 12. Qe2 Qd6 13. Bb3 Ng4 14. Ng5 Nh6 15. Ne6 Rc8 16. Bxh6 gxh6 17. Rad1 Qe7 18. Qh5+ Qf7 19. Nc7+ Rxc7 20. Bxf7+ Rxf7 21. Rd2 Rg8 22. Rfd1 Be7 23. h3 Rg5 24. Qxh6 Rg6 25. Qe3 Rfg7 26. g3 b6 27. Qd3 h5 28. Qd7+ Kf7 29. Qxc6 h4 30. g4 f5 31. Qc4+ Kf8 32. exf5 Rd6 33. Rxd6 Bxd6 34. Rxd6 Re7 35. Rf6+ Ke8 36. Qc8# 1-0

[Event "CYCC U14"]
[Site "Vancouver CAN"]
[Date "2012.07.04"]
[Round "3"]
[White "Washimkar, Atharva"]
[Black "Hunter, Harold"]
[Result "1-0"]
[WhiteElo "1417"]
[BlackElo "1154"]
[PlyCount "93"]
[GameId "2160767909508877"]
[EventDate "2012.07.03"]
[EventType "swiss"]
[EventRounds "7"]
[EventCountry "CAN"]
[SourceTitle "EXT 2022"]
[Source "ChessBase"]
[SourceDate "2021.10.06"]
[SourceVersion "1"]
[SourceVersionDate "2021.10.06"]
[SourceQuality "1"]

1. e4 d5 2. exd5 Qxd5 3. d4 Nc6 4. Nf3 Bg4 5. Nc3 Qa5 6. Be3 e6 7. h3 Bf5 8. a3 Bg6 9. b4 Qf5 10. Bd3 Qf6 11. Bg5 Bxd3 12. Bxf6 Nxf6 13. Qxd3 Bd6 14. Na4 O-O 15. Nc5 Bxc5 16. bxc5 Rad8 17. c3 Rfe8 18. O-O e5 19. Rfe1 e4 20. Qd1 exf3 21. Qxf3 Re7 22. Rxe7 Nxe7 23. Qxb7 Kf8 24. Qxc7 Ke8 25. Re1 Rd7 26. Qg3 g6 27. Qb8+ Rd8 28. Qc7 Rd7 29. Rxe7+ Kxe7 30. Qe5+ Kf8 31. Qxf6 Kg8 32. c6 Rc7 33. Qd8+ Kg7 34. Qxc7 a5 35. Qxf7+ Kxf7 36. c7 Kg7 37. c8=Q a4 38. Qe6 h5 39. Kf1 h4 40. Ke2 Kh6 41. Qf6 Kh7 42. Kf3 Kh6 43. Kg4 Kh7 44. Kg5 Kg8 45. Qe7 Kh8 46. Kxg6 Kg8 47. Qd8# 1-0

[Event "CYCC U14"]
[Site "Vancouver CAN"]
[Date "2012.07.04"]
[Round "4"]
[White "Doknjas, John"]
[Black "Plotkin, Mark"]
[Result "0-1"]
[WhiteElo "1990"]
[BlackElo "1976"]
[PlyCount "86"]
[GameId "2160767909508878"]
[EventDate "2012.07.03"]
[EventType "swiss"]
[EventRounds "7"]
[EventCountry "CAN"]
[SourceTitle "EXT 2022"]
[Source "ChessBase"]
[SourceDate "2021.10.06"]
[SourceVersion "1"]
[SourceVersionDate "2021.10.06"]
[SourceQuality "1"]

1. d4 Nf6 2. c4 g6 3. Nc3 d5 4. cxd5 Nxd5 5. e4 Nxc3 6. bxc3 Bg7 7. Nf3 O-O 8. Rb1 c5 9. Be2 Nc6 10. d5 Ne5 11. Nxe5 Bxe5 12. Qc2 Qc7 13. g3 Bh3 14. f4 Bg7 15. Bc4 a6 16. Bf1 Bxf1 17. Kxf1 c4 18. Kg2 b5 19. Be3 Qa5 20. Rb4 Qa3 21. Bd2 Rfd8 22. Qb2 Qxb2 23. Rxb2 e6 24. dxe6 fxe6 25. Rc2 Rd3 26. Kf2 Kf7 27. Ke2 Ke7 28. Rd1 Rad8 29. Rcc1 e5 30. Be1 Bh6 31. Rxd3 cxd3+ 32. Ke3 d2 33. Bxd2 exf4+ 34. gxf4 Rxd2 35. Kxd2 Bxf4+ 36. Kc2 Bxc1 37. Kxc1 Ke6 38. Kd2 Ke5 39. Ke3 g5 40. h3 h5 41. a3 a5 42. Kd3 g4 43. h4 Kf4 0-1

[Event "CYCC U14"]
[Site "Vancouver CAN"]
[Date "2012.07.04"]
[Round "4"]
[White "Herdin, Matthew"]
[Black "Li, Yinshi"]
[Result "1/2-1/2"]
[WhiteElo "1923"]
[BlackElo "1857"]
[PlyCount "56"]
[GameId "2160767909508879"]
[EventDate "2012.07.03"]
[EventType "swiss"]
[EventRounds "7"]
[EventCountry "CAN"]
[SourceTitle "EXT 2022"]
[Source "ChessBase"]
[SourceDate "2021.10.06"]
[SourceVersion "1"]
[SourceVersionDate "2021.10.06"]
[SourceQuality "1"]

1. e4 e6 2. d4 d5 3. exd5 exd5 4. Bd3 Bd6 5. Nf3 Nc6 6. O-O Nge7 7. c3 Bg4 8. h3 Bf5 9. Be3 Qd7 10. Re1 O-O-O 11. Na3 a6 12. Nc2 f6 13. b4 Bxd3 14. Qxd3 Qf5 15. Qxf5+ Nxf5 16. g4 Nfe7 17. Bd2 Ng6 18. Re2 Rhe8 19. Rae1 Kd7 20. h4 Nf4 21. Bxf4 Bxf4 22. Ne3 Bxe3 23. Rxe3 Rxe3 24. Rxe3 Re8 25. Rxe8 Kxe8 26. Kg2 Na7 27. a4 Nc8 28. Nd2 Nd6 1/2-1/2

[Event "CYCC U14"]
[Site "Vancouver CAN"]
[Date "2012.07.04"]
[Round "4"]
[White "Hewson, Scott"]
[Black "Hewson, Andrew"]
[Result "0-1"]
[WhiteElo "825"]
[BlackElo "870"]
[PlyCount "76"]
[GameId "2160767909508880"]
[EventDate "2012.07.03"]
[EventType "swiss"]
[EventRounds "7"]
[EventCountry "CAN"]
[SourceTitle "EXT 2022"]
[Source "ChessBase"]
[SourceDate "2021.10.06"]
[SourceVersion "1"]
[SourceVersionDate "2021.10.06"]
[SourceQuality "1"]

1. e4 e6 2. d4 c5 3. d5 Qh4 4. dxe6 dxe6 5. e5 Qe4+ 6. Ne2 c4 7. Bf4 Bc5 8. c3 Qc6 9. Qd2 Bd7 10. f3 Na6 11. b3 Rd8 12. bxc4 Qb6 13. Bg5 f6 14. Bh4 Ba4 15. exf6 gxf6 16. Nd4 Bxd4 17. Bxf6 Nxf6 18. cxd4 Rxd4 19. Bd3 O-O 20. c5 Qc7 21. Nc3 Rfd8 22. Nb5 Bxb5 23. O-O Rxd3 24. Qg5+ Kf7 25. f4 Ne4 26. Qh5+ Kf8 27. f5 Qxc5+ 28. Kh1 Nf2+ 29. Kg1 Nh3+ 30. Kh1 R3d7 31. Qh6+ Rg7 32. f6 Nf2+ 33. Kg1 Ng4+ 34. Kh1 Nxh6 35. fxg7+ Kxg7 36. Rac1 Qg5 37. Rf2 Qxc1+ 38. Rf1 Qxf1# 0-1

[Event "CYCC U14"]
[Site "Vancouver CAN"]
[Date "2012.07.04"]
[Round "4"]
[White "Huneault, Nicholas"]
[Black "Hunter, Harold"]
[Result "1-0"]
[WhiteElo "1164"]
[BlackElo "1154"]
[PlyCount "119"]
[GameId "2160767909508881"]
[EventDate "2012.07.03"]
[EventType "swiss"]
[EventRounds "7"]
[EventCountry "CAN"]
[SourceTitle "EXT 2022"]
[Source "ChessBase"]
[SourceDate "2021.10.06"]
[SourceVersion "1"]
[SourceVersionDate "2021.10.06"]
[SourceQuality "1"]

1. e4 d5 2. exd5 Qxd5 3. Nf3 Bg4 4. Be2 Bxf3 5. Bxf3 Qe5+ 6. Be2 e6 7. c4 c6 8. d4 Bb4+ 9. Bd2 Bxd2+ 10. Qxd2 Qf5 11. d5 exd5 12. cxd5 Nf6 13. d6 O-O 14. O-O Nbd7 15. Bd3 Qh5 16. Nc3 Ng4 17. h3 Ngf6 18. Ne4 Nxe4 19. Bxe4 Rfe8 20. Bf3 Qb5 21. Bg4 f5 22. Be2 Rxe2 23. Qg5 Qe5 24. Qh5 Nf6 25. f4 Qe4 26. Qf3 Qxf3 27. gxf3 Rd8 28. Rad1 Nd5 29. h4 Rxd6 30. Kh1 Rde6 31. b4 Re7 32. b5 c5 33. Rxd5 Re1 34. Kg2 Rxf1 35. Kxf1 c4 36. Rxf5 b6 37. Re5 Rc7 38. Ke1 Rd7 39. Re3 Kf8 40. Ke2 Re7 41. Rxe7 Kxe7 42. Kd2 h6 43. Kc3 h5 44. Kxc4 Kd7 45. Kd5 Ke8 46. Ke6 a5 47. bxa6 Kd8 48. a7 Kc7 49. a8=Q b5 50. Qa5+ Kc6 51. Ke5 Kc5 52. Qc3+ Kb6 53. Kd5 g5 54. Qc6+ Ka5 55. Kc5 Ka4 56. Qxb5+ Ka3 57. Qb4+ Kxa2 58. Kc4 gxf4 59. Kc3 Ka1 60. Qb2# 1-0

[Event "CYCC U14"]
[Site "Vancouver CAN"]
[Date "2012.07.04"]
[Round "4"]
[White "Kuehfuss, Noah"]
[Black "Raymond, Alex"]
[Result "1-0"]
[WhiteElo "1033"]
[BlackElo "921"]
[PlyCount "101"]
[GameId "2160767909508882"]
[EventDate "2012.07.03"]
[EventType "swiss"]
[EventRounds "7"]
[EventCountry "CAN"]
[SourceTitle "EXT 2022"]
[Source "ChessBase"]
[SourceDate "2021.10.06"]
[SourceVersion "1"]
[SourceVersionDate "2021.10.06"]
[SourceQuality "1"]

1. e4 g6 2. Nf3 Bg7 3. Bc4 Nh6 4. Nc3 O-O 5. d4 Nc6 6. Bg5 Ng4 7. h3 Nf6 8. O-O Na5 9. Bd3 d5 10. e5 Ne4 11. Nxe4 dxe4 12. Bxe4 f6 13. exf6 exf6 14. Bd2 f5 15. Bd3 Nc6 16. Bg5 Bf6 17. Bxf6 Qxf6 18. Bc4+ Be6 19. Bxe6+ Qxe6 20. d5 Qe4 21. dxc6 Rad8 22. Qe1 Qxc6 23. Qe7 Rde8 24. Qh4 Rf7 25. Ng5 Qf6 26. Rfe1 Re4 27. Rxe4 fxe4 28. Rd1 Kg7 29. Qxh7+ Kf8 30. Rd8+ Ke7 31. Nxf7 Qxf7 32. Qxf7+ Kxf7 33. Ra8 a6 34. Rb8 b6 35. Ra8 a5 36. Rc8 c5 37. Rb8 Kf6 38. Rxb6+ Kf5 39. Rb5 Kf4 40. Rxc5 g5 41. Rxa5 g4 42. h4 g3 43. h5 gxf2+ 44. Kxf2 e3+ 45. Ke2 Kg3 46. h6 Kxg2 47. h7 Kg1 48. h8=Q Kg2 49. Qf6 Kg3 50. Rg5+ Kh4 51. Qh6# 1-0

[Event "CYCC U14"]
[Site "Vancouver CAN"]
[Date "2012.07.04"]
[Round "4"]
[White "Kuttner, Simon"]
[Black "Balachandran, Shesan"]
[Result "1/2-1/2"]
[WhiteElo "1777"]
[BlackElo "1018"]
[PlyCount "183"]
[GameId "2160767909508883"]
[EventDate "2012.07.03"]
[EventType "swiss"]
[EventRounds "7"]
[EventCountry "CAN"]
[SourceTitle "EXT 2022"]
[Source "ChessBase"]
[SourceDate "2021.10.06"]
[SourceVersion "1"]
[SourceVersionDate "2021.10.06"]
[SourceQuality "1"]

1. e4 c6 2. d4 d5 3. Nc3 dxe4 4. Nxe4 Bf5 5. Ng3 Bg6 6. Nf3 Nd7 7. Bf4 Ngf6 8. Bd3 e6 9. Bxg6 hxg6 10. Qd2 c5 11. dxc5 Bxc5 12. Be3 Qb6 13. Bxc5 Qxc5 14. c3 Ne5 15. Nxe5 Qxe5+ 16. Qe2 Qxe2+ 17. Kxe2 O-O-O 18. h3 Rd5 19. Rhd1 Rxd1 20. Rxd1 Rh4 21. Kf3 Ra4 22. a3 Ra5 23. Rd2 Kc7 24. Rd4 Rb5 25. b4 Rd5 26. Ke3 Rxd4 27. Kxd4 Kd6 28. c4 e5+ 29. Ke3 b6 30. f3 Ke6 31. Ne4 Nxe4 32. Kxe4 f5+ 33. Ke3 Kd6 34. g4 a5 35. Kd3 axb4 36. axb4 Kc6 37. Ke3 Kd6 38. h4 Ke6 39. Kd3 Kd6 40. Kc3 Kc6 41. g5 Kd6 42. Kd2 Kc6 43. Ke2 Kd6 44. Kf2 Kc6 45. Kg3 Kd6 46. Kg2 Kc6 47. Kf2 Kd6 48. Ke3 Ke6 49. Kd3 Kd6 50. Kc3 Kc6 51. Kb3 Kd6 52. Kb2 Kc6 53. Kc1 Kd6 54. Kd2 Kc6 55. Ke3 Kd6 56. Kf2 Ke6 57. Ke1 Kd6 58. Ke2 Kc6 59. Kd3 Kd6 60. Ke3 Ke6 61. Ke2 Kd6 62. Kd2 Kc6 63. Kc1 Kd6 64. Kc2 Kc6 65. Kb3 Kd6 66. Kb2 Kc6 67. Kc1 Kd6 68. Kd1 Kc6 69. Ke1 Kd6 70. Ke2 Kc6 71. Kf2 Kd6 72. Kg3 Ke6 73. Kh3 Kd6 74. Kg2 Kc6 75. Kf2 Kd6 76. Ke2 Kc6 77. Kd3 Kd6 78. Kc3 Kc6 79. Kd2 Kd6 80. Ke3 Ke6 81. Kf2 Kd6 82. Kg3 Ke6 83. Kg2 Kd6 84. Kf1 Ke6 85. Kf2 Kd6 86. Ke2 Ke6 87. Kd2 Kd6 88. Kc3 Kc6 89. Kb3 Kd6 90. Kb2 Kc6 91. Kb1 Kd6 92. Kc1 1/2-1/2

[Event "CYCC U14"]
[Site "Vancouver CAN"]
[Date "2012.07.04"]
[Round "4"]
[White "MacIvor, Mac"]
[Black "Sun, Ziyao"]
[Result "0-1"]
[WhiteElo "870"]
[BlackElo "1251"]
[PlyCount "114"]
[GameId "2160767909508884"]
[EventDate "2012.07.03"]
[EventType "swiss"]
[EventRounds "7"]
[EventCountry "CAN"]
[SourceTitle "EXT 2022"]
[Source "ChessBase"]
[SourceDate "2021.10.06"]
[SourceVersion "1"]
[SourceVersionDate "2021.10.06"]
[SourceQuality "1"]

1. e4 e6 2. Qf3 Nc6 3. Nh3 Bc5 4. Nc3 Nf6 5. d3 Nd4 6. Qd1 h6 7. Ne2 Nc6 8. Ng3 d5 9. Nf4 dxe4 10. dxe4 Qxd1+ 11. Kxd1 Bxf2 12. Ngh5 Nxh5 13. Nxh5 O-O 14. g3 Rd8+ 15. Ke2 Bd4 16. Be3 Bxb2 17. Rd1 Rxd1 18. Kxd1 b6 19. g4 Bb7 20. Rg1 Rd8+ 21. Bd2 Bc3 22. Bd3 Bxd2 23. Kxd2 Ne5 24. g5 Nxd3 25. cxd3 hxg5 26. Rxg5 g6 27. Nf6+ Kg7 28. e5 Bd5 29. Rg3 Bxa2 30. Rh3 Rh8 31. Rxh8 Kxh8 32. d4 c6 33. Ng4 b5 34. Nh6 Kg7 35. Ng4 a5 36. Nf6 a4 37. Ne8+ Kf8 38. Nc7 Bd5 39. h4 a3 40. Kc1 Ke7 41. Na6 f5 42. exf6+ Kxf6 43. Nb4 Kf5 44. Kc2 Kg4 45. Nd3 Kxh4 46. Ne5 g5 47. Kb1 g4 48. Nxg4 Kxg4 49. Kc2 Kf3 50. Kb1 Ke4 51. Kc2 Kxd4 52. Kb1 e5 53. Kc2 e4 54. Kb1 e3 55. Kc1 Kd3 56. Kd1 a2 57. Ke1 a1=R# 0-1